000 00761nam a22001937a 4500
999 _c17220
_d17220
003 AR-CdUCM
008 190507b ||||| |||| 00| 0 esp
040 _aMUNICIPALIDAD PROVINCIAL DEL CUSCO
_cBIBLIOTECA MUNICIPAL DEL CUSCO
082 _a840.9 /
_bR891
100 _aRoyer, Luis Carlos.
_937102
245 _aEl amor en Alemania /
_cLuis Carlos Royer.
260 _aBuenos Aires :
_bEl Ombu,
_c1933.
300 _a155 páginas ;
_c19 cm.
505 _aEncuentros -- Los que se exhiben -- Dolori et amori sacrum -- En la biblioteca -- Amor platónico -- Interrogatorio -- El sendero de los homoxesuales -- Se hoye un taconeo de botas ...
650 _aNovelas francesas
_9571
650 _aSiglo XX.
_98
942 _2ddc
_cLIBROS
945 _aacrt
_d2019-05-07